00226nam a2200085 a 450000500170000000800410001705000210005824500260007926000350010520140414132059.0110805s19uu xx 00 eng d aTR 411bK16 2002 aContemporary Cursive. aNew York :bScholastic,c2002.